Introduction to Textile Finishing (Record no. 3798)

MARC details
000 -LEADER
fixed length control field 00351nam a2200145Ia 4500
008 - FIXED-LENGTH DATA ELEMENTS--GENERAL INFORMATION
fixed length control field 191201s2019 xx 000 0 und d
082 ## - DEWEY DECIMAL CLASSIFICATION NUMBER
Classification number 677.02842
Item number MAI
100 ## - MAIN ENTRY--PERSONAL NAME
Personal name MARSH, J T
245 #0 - TITLE STATEMENT
Title Introduction to Textile Finishing
250 ## - EDITION STATEMENT
Edition statement Imp 6th
260 ## - PUBLICATION, DISTRIBUTION, ETC. (IMPRINT)
Place of publication, distribution, etc Bombay
Name of publisher, distributor, etc Textile Institute
300 ## - PHYSICAL DESCRIPTION
Extent 557
650 ## - SUBJECT ADDED ENTRY--TOPICAL TERM
Topical term or geographic name as entry element B.Tech(TE)
942 ## - ADDED ENTRY ELEMENTS (KOHA)
Source of classification or shelving scheme Dewey Decimal Classification
Koha item type Text Books
Holdings
Withdrawn status Lost status Source of classification or shelving scheme Damaged status Not for loan Collection code Home library Current library Date acquired Source of acquisition Cost, normal purchase price Bill Number Total Checkouts Full call number Acc. no. / Barcode Date last seen Bill Date Koha item type
    Dewey Decimal Classification     B.Tech(TE) PIET C-LIBRARY PIET C-LIBRARY 25/02/2009 Indian International Text Book 550.00 105   677.02842 MAI 11253 04/12/2019 28/01/2009 Text Books
    Dewey Decimal Classification     B.Tech(TE) PIET C-LIBRARY PIET C-LIBRARY 25/02/2009 Indian International Text Book 550.00 105   677.02842 MAI 11254 04/12/2019 28/01/2009 Text Books
    Dewey Decimal Classification     B.Tech(TE) PIET C-LIBRARY PIET C-LIBRARY 25/02/2009 Indian International Text Book 550.00 105   677.02842 MAI 11255 04/12/2019 28/01/2009 Text Books
    Dewey Decimal Classification     B.Tech(TE) PIET C-LIBRARY PIET C-LIBRARY 25/02/2009 Indian International Text Book 550.00 105   677.02842 MAI 11256 04/12/2019 28/01/2009 Text Books
    Dewey Decimal Classification     B.Tech(TE) PIET C-LIBRARY PIET C-LIBRARY 25/02/2009 Indian International Text Book 550.00 105   677.02842 MAI 11257 04/12/2019 28/01/2009 Text Books

Design & Developed by: PIET Central Library
R70 Miles Stone Pattikalyana Samalkha Panipat 132102
mail ID :- [email protected], Phone No:- 0180-2569700 Ex.216